|
|
|
|
| LEADER |
00000cam a22000004a 4500 |
| 001 |
musev2_61818 |
| 003 |
MdBmJHUP |
| 005 |
20230905050355.0 |
| 006 |
m o d |
| 007 |
cr||||||||nn|n |
| 008 |
180212s2018 gau o 00 0 eng d |
| 020 |
|
|
|a 9780820353371
|
| 020 |
|
|
|z 9780820353623
|
| 020 |
|
|
|z 9780820353364
|
| 035 |
|
|
|a (OCoLC)1056619114
|
| 040 |
|
|
|a MdBmJHUP
|c MdBmJHUP
|
| 100 |
1 |
|
|a McCarroll, Meredith,
|e author.
|
| 245 |
1 |
0 |
|a Unwhite :
|b Appalachia, Race, and Film /
|c Meredith McCarroll.
|
| 264 |
|
1 |
|a Athens :
|b The University of Georgia Press,
|c [2018]
|
| 264 |
|
3 |
|a Baltimore, Md. :
|b Project MUSE,
|c 2018
|
| 264 |
|
4 |
|c ©[2018]
|
| 300 |
|
|
|a 1 online resource (172 pages).
|
| 336 |
|
|
|a text
|b txt
|2 rdacontent
|
| 337 |
|
|
|a computer
|b c
|2 rdamedia
|
| 338 |
|
|
|a online resource
|b cr
|2 rdacarrier
|
| 490 |
0 |
|
|a South on screen series
|
| 505 |
0 |
|
|a Introduction -- Hillbilly as American Indian -- Appalachian woman as mammy -- Mountain migrant as Mexican migrant -- Appalachia and documentary -- Appendix: Appalachian types in cinema.
|
| 588 |
|
|
|a Description based on print version record.
|
| 650 |
|
7 |
|a White people in motion pictures.
|2 fast
|0 (OCoLC)fst01174834
|
| 650 |
|
7 |
|a Race relations in motion pictures.
|2 fast
|0 (OCoLC)fst01086566
|
| 650 |
|
7 |
|a Other (Philosophy) in motion pictures.
|2 fast
|0 (OCoLC)fst01904150
|
| 650 |
|
7 |
|a Motion pictures.
|2 fast
|0 (OCoLC)fst01027285
|
| 650 |
|
7 |
|a Appalachians (People) in motion pictures.
|2 fast
|0 (OCoLC)fst00811521
|
| 650 |
|
7 |
|a PERFORMING ARTS
|x Film & Video
|x History & Criticism.
|2 bisacsh
|
| 650 |
|
7 |
|a PERFORMING ARTS
|x Reference.
|2 bisacsh
|
| 650 |
|
6 |
|a Montagnards (Sud des États-Unis) au cinema.
|
| 650 |
|
6 |
|a Relations raciales au cinema.
|
| 650 |
|
6 |
|a Alterite au cinema.
|
| 650 |
|
0 |
|a Appalachians (People) in motion pictures.
|
| 650 |
|
0 |
|a White people in motion pictures.
|
| 650 |
|
0 |
|a Race relations in motion pictures.
|
| 650 |
|
0 |
|a Other (Philosophy) in motion pictures.
|
| 651 |
|
7 |
|a Southern States.
|2 fast
|0 (OCoLC)fst01244550
|
| 651 |
|
0 |
|a Southern States
|x In motion pictures.
|
| 655 |
|
7 |
|a Electronic books.
|2 local
|
| 710 |
2 |
|
|a Project Muse.
|e distributor
|
| 830 |
|
0 |
|a Book collections on Project MUSE.
|
| 856 |
4 |
0 |
|z Texto completo
|u https://projectmuse.uam.elogim.com/book/61818/
|
| 945 |
|
|
|a Project MUSE - Custom Collection
|
| 945 |
|
|
|a Project MUSE - 2018 Complete
|
| 945 |
|
|
|a Project MUSE - 2018 Film, Theater and Performing Arts
|
| 945 |
|
|
|a Project MUSE - 2018 American Studies
|